Crime and Punishment in the Royal Navy: Discipline on the Leeward Islands Station, 1784-1812 (England)

This dissertation is based primarily on the manuscript sources pertaining to the Leeward Islands station between 1784 and 1812 found in the Public Record Office. Its thesis is quite simple: Discipline in the Royal Navy in the age of sail was maintained in much the same fashion that law and order was...

Descripción completa

Guardado en:  
Detalles Bibliográficos
Autor principal: Byrn, John D. (Autor)
Tipo de documento: Electrónico Libro
Lenguaje:Inglés
Publicado: 1987
En:Año: 1987
Acceso en línea: Volltext (kostenfrei)
Verificar disponibilidad: HBZ Gateway

MARC

LEADER 00000cam a22000002c 4500
001 1866618466
003 DE-627
005 20250128054856.0
007 cr uuu---uuuuu
008 231020s1987 xx |||||o 00| ||eng c
035 |a (DE-627)1866618466 
035 |a (DE-599)KXP1866618466 
040 |a DE-627  |b ger  |c DE-627  |e rda 
041 |a eng 
084 |a 2,1  |2 ssgn 
100 1 |a Byrn, John D.  |e VerfasserIn  |4 aut 
245 1 0 |a Crime and Punishment in the Royal Navy: Discipline on the Leeward Islands Station, 1784-1812 (England) 
264 1 |c 1987 
336 |a Text  |b txt  |2 rdacontent 
337 |a Computermedien  |b c  |2 rdamedia 
338 |a Online-Ressource  |b cr  |2 rdacarrier 
520 |a This dissertation is based primarily on the manuscript sources pertaining to the Leeward Islands station between 1784 and 1812 found in the Public Record Office. Its thesis is quite simple: Discipline in the Royal Navy in the age of sail was maintained in much the same fashion that law and order was enforced in the localities of eighteenth-century England. In short, justice afloat was administered according to the principles and practices used in the system of criminal law ashore 
856 4 0 |u https://core.ac.uk/download/217387469.pdf  |x Verlag  |z kostenfrei  |3 Volltext  |7 0 
935 |a mkri 
951 |a BO 
ELC |a 1 
LOK |0 000 xxxxxcx a22 zn 4500 
LOK |0 001 4394255058 
LOK |0 003 DE-627 
LOK |0 004 1866618466 
LOK |0 005 20231020043724 
LOK |0 008 231020||||||||||||||||ger||||||| 
LOK |0 035   |a (DE-2619)CORE63360889 
LOK |0 040   |a DE-2619  |c DE-627  |d DE-2619 
LOK |0 092   |o n 
LOK |0 852   |a DE-2619 
LOK |0 852 1  |9 00 
LOK |0 935   |a core 
LOK |0 939   |a 20-10-23  |b l01 
OAS |a 1 
ORI |a SA-MARC-krimdoka001.raw